Mito y realidad

Zapisane w:
Opis bibliograficzny
1. autor: Eliade, Mircea (Autor)
Format: Książka
Język:hiszpański
Wydane: Barcelona Labor 1983
Wydanie:5a. ed
Seria:Colección Punto Omega, 25
Hasła przedmiotowe:
Etykiety: Dodaj etykietę
Nie ma etykietki, Dołącz pierwszą etykiete!

MARC

LEADER 00000nam a2200000 a 4500
001 UCZ7392
003 CL-VaPUC
008 960105e19830000SP |||||||||||||||||spa|d
082 0 4 |a 291.13  |b ELI  |2 21 
100 0 |a Eliade, Mircea  |e author  |9 352238 
245 1 0 |a Mito y realidad 
250 |a 5a. ed 
300 |a 228 p 
942 |c BK 
945 |d 19960105 00:00:00  |a rleighto 
260 |a Barcelona  |b Labor  |c 1983 
650 0 |a Mitología   |9 255719 
650 7 |a RITOS  |2 CL-VaPUC  |9 337654 
650 7 |a MAGIA  |2 CL-VaPUC  |9 319651 
650 0 |a Cuentos de hadas  |9 308782 
650 0 |a Ontología   |9 256850 
650 0 |a Historia  |9 255047 
583 |a last modification  |c 19960105 00:00:00  |k Rodrigo Vera 
490 0 |a Colección Punto Omega, 25 
999 |c 243478  |d 243476 
952 |0 0  |1 0  |4 0  |6 291_130000000000000_ELI_1983  |7 0  |8 A  |9 257127  |a BIBARQ  |b BIBARQ  |d 2019-11-19  |i 3158551  |o 291.13 ELI 1983  |p 3158551  |r 2025-01-20  |w 2019-11-19  |y BK  |k ARQ